|
|
|
|
| LEADER |
00000cac a2200000 a 4500 |
| 003 |
Ucuenca |
| 005 |
20230308212627.0 |
| 008 |
006041|1999 cl |||||r|||||||||||spa|| |
| 040 |
|
|
|b spa
|
| 041 |
0 |
|
|a spa
|
| 082 |
0 |
|
|a 372.8
|
| 245 |
|
|
|a El Medio ambiente como núcleo de integración: una propuesta didáctica para NB2
|c Enrique Sirera Ferrer
|h imp
|
| 264 |
|
|
|a Santiago
|b s.e.
|c 1999
|
| 300 |
|
|
|a x; 160 páginas:
|b dia
|c 26 cm
|
| 490 |
|
|
|a Centro de Perfeccionamiento, Experimentación e Investigaciones Pedagógicas CPEIP
|
| 520 |
3 |
|
|a Contiene: Presentación del curso. Fundamentos curriculares. Ambientalización del currículo. Hacia la operacionalización de los objetivos del subsector.
|
| 650 |
1 |
|
|a Medio ambiente didactica
|9 205904
|
| 650 |
1 |
|
|a Didactica medio ambiente
|9 205905
|
| 700 |
1 |
|
|a Sirera Ferrer, Enrique.
|e coordinador
|9 205902
|
| 700 |
1 |
|
|a Reyes Soto, René
|9 205903
|
| 710 |
|
|
|a Ministerio de Educación de Chile
|9 52566
|
| 773 |
|
|
|g x; 160 páginas:
|
| 852 |
|
|
|a UC-CDJBV
|f Donación
|l 1
|m General
|p 20060417
|q 1.00
|t si1166
|b 0
|d CDRC
|e CDRC
|g 372.8 PRIMER PISO
|z 2006-60-41
|
| 942 |
|
|
|c CR
|
| 999 |
|
|
|c 122726
|d 122726
|